Statistics for Famous English People By Picture #1

Click here to take the quiz!

General Stats

  • This quiz has been taken 279 times
  • The average score is 10 of 16

Answer Stats

Answer% Correct
Boris Johnson
96%
Queen Elizabeth II
96%
Winston Churchill
94%
David Beckham
90%
John Lennon
90%
Stephen Hawking
88%
William Shakespeare
87%
Emma Watson
82%
David Attenborough
58%
Horatio Nelson
58%
Oliver Cromwell
50%
Alan Turing
42%
Charles Darwin
35%
Isombard Brunel
20%
Emmeline Pankhurst
7%
William Blake
4%

Score Distribution

Percentile by Number Answered

Percent of People with Each Score

Your Score History

You have not taken this quiz